Learning and growing with mobile learning

Ako mobilné vzdelávanie zmení budúcnosť elektronického vzdelávania. Ako vytvoriť úspešnú stratégiu mobilného vzdelávania.

Saved in:
Bibliographic Details
Main Author: Szivósová, Mária, 1958-
Format: Book Chapter
Language:English
Subjects:
Tags: Add Tag
No Tags, Be the first to tag this record!

MARC

LEADER 00000nla a2200000 4500
001 0204284
005 20240502073417.5
041 0 |a eng 
044 |a SK 
245 1 0 |a Learning and growing with mobile learning  |c Mária Szivósová 
520 |a Ako mobilné vzdelávanie zmení budúcnosť elektronického vzdelávania. Ako vytvoriť úspešnú stratégiu mobilného vzdelávania. 
610 2 0 |a vzdelávanie elektronické 
610 2 0 |a telefón mobilný 
610 2 0 |a študenti 
100 1 |a Szivósová, Mária, 1958-